000 00661nam a2200253Ia 4500
003 OSt
005 20221007100906.0
006 a|||||r|||| 00| 0
007 ta
008 221006b |||||||| |||| 00| 0 eng d
024 _a5,389
037 _cTextual
040 _aLCO
_cLCO
_beng
041 _2eng
_aeng
082 _aV2,3:(Z), K8
100 _aKAUL M N
245 0 _aPractice & procedure of Parliament
260 _aDelhi
_bMetro book com.
_c1968
300 _a1009
650 _aPARLIAMENT PROCEDURE
_9702250
700 _a SHAKDHER S L
942 _hV2,3:(Z), K8
_cTEXL
999 _c1174952
_d1174952